000 00324 a2200133 4500
000 nam a22 7a 4500
100 _aके.सी
110 _aके.सी
245 _aतुलनात्मक राजनीति
250 _alatest edition
260 _bRBSA
_c2026
264 _bRBSA
_c2026
942 _cBK
999 _c395278
_d395278